000
00317nam a2200133Ia 4500
008
240624s9999 xx 000 0 und d
041
_a
eng
082
_a
658.4012 SAL
100
_a
SALONER GARTH
245
_a
STRATEGIC MANAGEMENT
260
_c
2008
_a
New Delhi
_b
Wiley India
300
_a
464 : p.
365
_c
RS
_b
30
999
_c
22764
_d
22764